000 00709nam a22001937a 4500
003 AUA.1
005 20251118163823.0
008 250711b |||||||| |||| 00| 0 eng d
040 _cJTL
100 _aKemoabe, Magabaditsane Brian Omphitlhetse
245 _aA strategy to increase tithe participation among young adults of Broadhurst Seventh-day Adventist Church youth /
_cMagabaditsane Brian Omphitlhetse Kemoabe.
260 _cc2025.
300 _aix, 87 leaves :
_bIllustrations :
_c30cm.
610 _aBroadhurst Seventh-day Adventist Church
650 _aChurch work with youth
650 _aChurch finance
650 _aChristian giving
942 _2aua
_cPROJECT
_hMA PTh
_i.K46 2025
999 _c25209
_d25209